| 000 | 00674nam a22002177a 4500 | ||
|---|---|---|---|
| 999 |
_c10911 _d10911 |
||
| 003 | AR-CdUCM | ||
| 008 | 190402b ||||| |||| 00| 0 spa d | ||
| 040 |
_aMUNICIPALIDAD PROVINCIAL DEL CUSCO _cBIBLIOTECA MUNICIPAL DEL CUSCO |
||
| 082 |
_aEP / 888.5 / _bZ37 |
||
| 100 |
_aZapata Santillana, Everardo _927530 |
||
| 245 | _aFabulas de Esopo / | ||
| 260 |
_aLima : _bNavarrete, _c1995. |
||
| 300 |
_a94 paginas ; _bilustraciones, graficos, dibujos, cuadros, _c27 cm. |
||
| 500 | _aFabulas para niƱos | ||
| 650 |
_aFabulas _94606 |
||
| 650 |
_aCuentos _9217 |
||
| 650 |
_aCoquito _927866 |
||
| 650 |
_aTexto de aprendizaje _927986 |
||
| 942 |
_2ddc _cLIBROS |
||
| 945 | _apjha | ||